00517nam a2200193 a 4500001001300000003000900013005001700022008004100039020001000080082001600090100001900106245002200125260005900147300000800206500003500214505002700249650002800276700001900304nice12345678IN_TiNIC20260116011654.0050524s1972 bana grp 000 0 eng  ac10000a248.24bVEN aVenugopal, C T aWitness to Christ aBangalorebChristian Instt.For Study of Religionc1972 a35p aincludes index and biblioraphy2 aAppendix, Bibliography aConversion-Christianity1 aVenugopal, C T